La ley 27349 y su impacto en los estados contables (Registro nro. 10273)
[ vista simple ]
| 000 -LEADER | |
|---|---|
| fixed length control field | 00373 a2200121 4500 |
| 001 - CONTROL NUMBER | |
| control field | ART_49054 |
| 005 - DATE AND TIME OF LATEST TRANSACTION | |
| control field | 20260410161607.0 |
| 008 - FIXED-LENGTH DATA ELEMENTS--GENERAL INFORMATION | |
| fixed length control field | 260409a |
| 100 1# - MAIN ENTRY--PERSONAL NAME | |
| Personal name | Simaro, Gustavo |
| 245 10 - TITLE STATEMENT | |
| Title | La ley 27349 y su impacto en los estados contables |
| 700 1# - ADDED ENTRY--PERSONAL NAME | |
| Personal name | Torchelli, Valeria |
| 773 0# - HOST ITEM ENTRY | |
| Title | Profesional & Empresaria |
| Related parts | - Año XX, Nº 237 (jun. 2019) |
| Record control number | REV70 |
No hay ítems disponibles.